Statistics for The Best NBA Player Born in Each U.S State

Click here to take the quiz!

General Stats

  • This quiz has been taken 40 times
  • The average score is 19 of 51

Answer Stats

StatePPGTeamsPlayer% Correct
New York (Tie)30.1Bulls, WizardsMichael Jordan
100%
Indiana24.3CelticsLarry Bird
91%
Michigan19.5LakersMagic Johnson
85%
New Jersey23.7Magic, Lakers, Heat, Suns, Cavs, CelticsShaquille O'Neal
82%
New York (Tie)24.6Bucks, LakersKareem Abdul-Jabbar
79%
Ohio27.2Cavs, HeatLeBron James
79%
Wyoming6.5Bulls, Raptors, Kings, GrizzliesJames Johnson
76%
Pennsylvania30.1Warriors, 76ers, LakersWilt Chamberlain
73%
Alabama22.176ers, Suns, RocketsCharles Barkley
70%
West Virginia27.0LakersJerry West
67%
Tennessee25.7Royals, BucksOscar Robertson
67%
Washington13.1JazzJohn Stockton
61%
New York (Tie)22.0Squires, Nets, 76ersJulius Erving
61%
South Carolina17.8Timberwolves, Celtics, NetsKevin Garnett
61%
Virginia20.6Stars, Spirits of St. Louis, Braves, Rockets, 76ers, Bullets, Hawks, Bucks, SpursMoses Malone
61%
Louisiana15.1CelticsBill Russell
58%
Illinois19.2PistonsIsiah Thomas
58%
Arkansas16.1Bulls, Rockets, BlazersScottie Pippen
58%
Florida18.8Raptors, Nets, Magic, Suns, Mavs, GrizzliesVince Carter
52%
Texas19.2Raptors, HeatChris Bosh
48%
California12.6Mavs, Suns, Nets, KnicksJason Kidd
48%
Minnesota17.9CelticsKevin McHale
48%
Montana6.7Knicks, NetsPhil Jackson
36%
Kentucky10.8BulletsWes Unseld
36%
North Carolina22.1Braves, Knicks, Celtics, Pistons, Nets, Lakers, 76ersBob McAdoo
33%
Colorado15.2Celtics, Raptors, Nuggets, Timberwolves, Pistons, Knicks, ClippersChauncey Billups
30%
South Dakota10.8Magic, Grizzlies, Timberwolves, Wizards, Heat, Cavs, NuggetsMike Miller
27%
Oregon9.6Lakers, Suns, Mavs, HeatA.C. Green
24%
Massachusetts12.9Cavs, PistonsBill Laimbeer
24%
Nebraska14.8Royals, Knicks, Lakers, Bulls, Sonics, BucksBob Boozer
24%
Georgia18.9Knicks, CavsWalt Frazier
24%
Wisconsin18.3Warriors, Knicks, TimberwolvesLatrell Sprewell
21%
Nevada13.5Hornets, Heat, Cavs, Celtics, Timberwolves, ClippersRicky Davis
21%
Utah18.1Clippers, Sonics, Suns, Jazz, Hornets, 76ersTom Chambers
21%
Connecticut17.9RocketsCalvin Murphy
18%
Missouri3.8ColonelsBill Bradley
12%
Alaska9.0Heat, GrizzliesMario Chalmers
12%
Maryland18.4Grizzlies, Raptors, KingsRudy Gay
12%
Mississippi14.0Clippers, Hawks, Suns, Bucks, Jazz, Mavs, PistonsDanny Manning
9%
Kansas14.1SunsAlvan Adams
6%
Oklahoma12.5Warriors, Knicks, Bulls, JazzJohn Starks
6%
New Hampshire5.8Raptors, SpursMatt Bonner
6%
New Mexico11.9Hawks, 76ers, Lakers, WarriorsBill Bridges
0%
Hawaii14.3Suns, Lakers, Mavs, Pistons, HeatCedric Ceballos
0%
Maine6.0Nets, MagicJeff Turner
0%
Delaware5.9Raptors, Nuggets, CavsJoey Graham
0%
Iowa10.9Bulls, Wizards, HawksKirk Hinrich
0%
Idaho9.3Sonics, Bucks, Timberwolves, Bobcats, MagicLuke Ridnour
0%
North Dakota5.6Bulls, Lakers, HawksMark Landsberger
0%
Rhode Island9.2Spirits of St. Louis, Pistons, Braves, Celtics, ClippersMarvin Barnes
0%
Arizona9.4Hawks, Suns, Celtics, Nuggets, SonicsPaul Silas
0%

Score Distribution

Percentile by Number Answered

Percent of People with Each Score

Your Score History

You have not taken this quiz